000 01103cam a22002411 4500
001 gs 23000012
003 DLC
005 20260227111327.0
008 781117s1922 kyuaf s001 0 eng c
010 _ags 23000012
035 _a(OCoLC)4382840
040 _aU.S. Geol. Survey. Library
_cNAlfC
_dOCoLC
_dDLC
042 _apremarc
050 0 0 _aQE672
_b.B8
100 1 _aButts, Charles,
_d1863-1946.
245 1 4 _aThe Mississippian series of eastern Kentucky.
_bA regional interpretation of the stratigraphic relations of the sub-carboniferous group based on new and detailed field examinations,
_cby Charles Butts ... Prepared in cooperation with the United States Geological Survey. Illustrated with 93 photographs, maps and diagrams.
250 _a1st ed. ...
260 _aFrankfort, Ky.,
_bThe Kentucky Geological Survey,
_c1922.
300 _avii p., 1 l., 188 p.
_bfront., illus., plates, tables, fold. diagrs.
_c24 cm.
490 0 _aKentucky. Geological Survey, 1920-1932. ser. 6. [Geologic reports]
_vv. 7
650 0 _aGeology
_zKentucky.
650 0 _aGeology, Stratigraphic
_yCarboniferous.
999 _c26205
_d26205